BANK NEGARA MALAYSIA : Financial Stability and Payment Systems Report 2016

Bibliographic Details
Corporate Author: Bank Negara Malaysia
Format: Book
Language:Malay
Published: Kuala Lumpur: Bank Negara Malaysia, 2017.
Subjects:
LEADER 00765cam a2200229 7i4500
001 0000034740
005 20171108090000.0
007 ##ta
008 171108c2017 my ar0p f0 a0may
022 0 # |a 1985-0409 
040 # # |a MATR 
090 0 0 |a M 338.09595   |b BAN 
245 0 0 |a BANK NEGARA MALAYSIA :   |b Financial Stability and Payment Systems Report 2016   |c Bank Negara Malaysia. 
264 # 1 |a Kuala Lumpur:   |b Bank Negara Malaysia,   |c 2017. 
300 # # |a 134 pages:   |b illustrations;   |c 28 cm. 
336 # # |a text  |2 rdacontent 
337 # # |a unmediated  |2 rdamedia 
338 # # |a volume  |2 rdacarrier 
650 # 0 |a Banks and banking --   |z Malaysia  
650 # 0 |a Finance --   |z Malaysia  
710 2 # |a Bank Negara Malaysia  
999 |a 0000039015  |b Book  |c Malaysia  |e Business Information Centre